| 000 | 00744cam a22002653a 4500 | ||
|---|---|---|---|
| 001 | 284 | ||
| 003 | PGUSA | ||
| 005 | 20140828082946.0 | ||
| 008 | 950601s1995||||xxu|||||s|||||000 1 eng d | ||
| 040 |
_aPGUSA _beng |
||
| 042 | _adc | ||
| 050 | 4 | _aPS | |
| 100 | 1 |
_aWharton, Edith, _d1862-1937 |
|
| 245 | 1 | 4 |
_aThe House of Mirth _h[electronic resource] / _cEdith Wharton |
| 260 |
_bProject Gutenberg, _c1995 |
||
| 506 | _aPublic domain in the USA. | ||
| 516 | _aElectronic text | ||
| 653 | _aSocial classes -- Fiction | ||
| 653 | _aSingle women -- Fiction | ||
| 653 | _aPsychological fiction | ||
| 653 | _aNew York (N.Y.) -- Fiction | ||
| 830 | 0 |
_aProject Gutenberg _v284 |
|
| 856 | 4 | 0 | _uhttp://www.gutenberg.org/ebooks/284 |
| 942 | _cEB | ||
| 999 |
_c229635 _d229635 |
||